[Event "C.to Regionale Lombardia"]
[Site "Monza ITA"]
[Date "2005.05.15"]
[Round "3"]
[White "Salmoiraghi, Angelo"]
[Black "Cattaneo, Dario"]
[Result "1-0"]
[WhiteElo "1823"]
[BlackElo "1556"]
[PlyCount "117"]
[EventDate "2005.05.14"]

1. e4 e6 2. d3 d5 3. Nd2 dxe4 4. dxe4 e5 5. Ngf3 Bg4 6. Bc4 Nf6 7. Bxf7+ Kxf7
8. Nxe5+ Kg8 9. Nxg4 h5 10. Nxf6+ Qxf6 11. Qf3 Qe6 12. Qb3 Qxb3 13. Nxb3 Nc6
14. c3 Rd8 15. Be3 Ne5 16. Ke2 Re8 17. f3 Nc4 18. Rab1 Nxe3 19. Kxe3 g5 20. Nd4
Rh7 21. g3 Bc5 22. b4 Bb6 23. Rhe1 Rhe7 24. Kd3 Rd8 25. Kc4 Re5 26. f4 gxf4 27.
gxf4 Re7 28. Rbd1 c6 29. e5 Bxd4 30. cxd4 b5+ 31. Kc3 Rf7 32. Rf1 Rdf8 33. Rg1+
Kh7 34. Rg5 Rxf4 35. Rxh5+ Kg6 36. Rh3 Rf3+ 37. Rxf3 Rxf3+ 38. Rd3 Rf2 39. Rd2
Rf3+ 40. Kc2 Kf5 41. Re2 Ke6 42. Kd1 Rd3+ 43. Rd2 Rh3 44. Ke1 Rh4 45. Kf1 Rh3
46. Kg2 Ra3 47. h4 a5 48. bxa5 Rxa5 49. Kg3 b4 50. Kf4 Ra8 51. h5 Rg8 52. h6
Rf8+ 53. Ke3 Ra8 54. h7 Kf7 55. Kf4 Kg6 56. Rh2 Kg7 57. h8=Q+ Rxh8 58. Rxh8
Kxh8 59. Kf5 1-0

[Event "C.to Regionale Lombardia"]
[Site "Monza ITA"]
[Date "2005.05.15"]
[Round "3"]
[White "Secondi, Daniele"]
[Black "Bettini, Massimo"]
[Result "0-1"]
[WhiteElo "1440"]
[BlackElo "1896"]
[PlyCount "73"]
[EventDate "2005.05.14"]

1. d4 Nf6 2. c3 d5 3. Bg5 Nc6 4. e3 Ne4 5. Nh3 Nxg5 6. Nxg5 e5 7. h4 h6 8. Nh3
g5 9. h5 g4 10. Ng1 Bd6 11. Ne2 Qg5 12. g3 Bf5 13. Nd2 O-O-O 14. Bg2 exd4 15.
cxd4 Nb4 16. Qb3 Nc2+ 17. Kd1 Nxa1 18. Qxd5 Bc2+ 19. Ke1 Qxd5 20. Bxd5 Rhf8 21.
Nc4 Bb4+ 22. Nc3 Bxc3+ 23. bxc3 Rxd5 24. Kd2 Bb3 25. Nb2 Bxa2 26. Rxa1 Ra5 27.
Nc4 Ra6 28. Ne5 Be6 29. Rb1 Ra2+ 30. Kd3 Rxf2 31. Ke4 Bf5+ 32. Kd5 Bxb1 33.
Nxg4 Rf5+ 34. Kc4 b5+ 35. Kb4 Rxh5 36. Nf6 Rf5 37. e4 0-1

[Event "C.to Regionale Lombardia"]
[Site "Monza ITA"]
[Date "2005.05.15"]
[Round "3"]
[White "Vignoli, Ernesto"]
[Black "Cammarota, Vittorio"]
[Result "0-1"]
[WhiteElo "1287"]
[BlackElo "1709"]
[PlyCount "74"]
[EventDate "2005.05.14"]

1. e4 c5 2. Nf3 Nc6 3. Bc4 e6 4. d4 cxd4 5. Nxd4 Qb6 6. c3 Nxd4 7. Qxd4 Qxd4 8.
cxd4 d6 9. Nc3 a6 10. O-O Nf6 11. a3 Be7 12. Bf4 O-O 13. Bg5 h6 14. Bh4 g5 15.
e5 gxh4 16. exf6 Bxf6 17. d5 b5 18. Ba2 e5 19. Ne4 Be7 20. f4 f5 21. Nf2 e4 22.
Rae1 Bd7 23. b4 Rac8 24. Bb3 Rc3 25. Rb1 Rfc8 26. Nd1 Rd3 27. Nf2 Rd2 28. Nd1
Bf6 29. Ne3 Bd4 30. Rfe1 Rc3 31. Rbd1 Rxd1 32. Bxd1 Rxe3 33. Rxe3 Bxe3+ 34. Kf1
Bxf4 35. h3 Bc1 36. a4 bxa4 37. Be2 Bb5 0-1

[Event "C.to Regionale Lombardia"]
[Site "Monza ITA"]
[Date "2005.05.15"]
[Round "3"]
[White "Villa, Maurizio"]
[Black "Marrone, Vincenzo"]
[Result "0-1"]
[WhiteElo "1530"]
[BlackElo "1838"]
[PlyCount "68"]
[EventDate "2005.05.14"]

1. d4 d5 2. c4 e6 3. Nc3 Nf6 4. Bg5 Be7 5. cxd5 exd5 6. Qc2 c6 7. e3 Ne4 8.
Nxe4 Bxg5 9. Nxg5 Qxg5 10. Ne2 Bf5 11. Qb3 Qe7 12. Ng3 Bg6 13. Be2 O-O 14. O-O
a5 15. Qc3 Nd7 16. a3 a4 17. b4 axb3 18. Qxb3 b5 19. Rfc1 Rfc8 20. Bg4 Rc7 21.
Bxd7 Qxd7 22. Nf1 Bh5 23. a4 Rca7 24. Qc3 Be2 25. Qxc6 Qxc6 26. Rxc6 Kf8 27.
Ra2 Bc4 28. Rb2 Rxa4 29. Rxc4 bxc4 30. f3 Ra1 31. Kf2 c3 32. Rc2 R8a2 33. Rxa2
Rxa2+ 34. Ke1 Ra1+ 0-1

[Event "C.to Regionale Lombardia"]
[Site "Monza ITA"]
[Date "2005.05.15"]
[Round "3"]
[White "Villalba, Fernando"]
[Black "Corti, Lorenzo"]
[Result "1-0"]
[WhiteElo "1773"]
[BlackElo "1437"]
[PlyCount "90"]
[EventDate "2005.05.14"]

1. e4 e5 2. Nf3 Nf6 3. Nc3 Nc6 4. d4 exd4 5. Nxd4 Nxd4 6. Qxd4 d6 7. Bg5 Be7 8.
O-O-O O-O 9. f3 Be6 10. f4 Bg4 11. Ne2 c5 12. Qd2 Qb6 13. Qd3 Rad8 14. h3 Be6
15. Nc3 Rfe8 16. f5 Bd7 17. g4 Bc6 18. Bg2 a5 19. Bf4 a4 20. a3 Qa5 21. Bd2 Qa7
22. Bf3 h6 23. h4 Nh7 24. Rdg1 b5 25. g5 h5 26. g6 Bf6 27. gxh7+ Kxh7 28. Nxb5
Bxb5 29. Qxb5 Rb8 30. Qc4 Bxb2+ 31. Kd1 Bd4 32. Rf1 d5 33. exd5 Rb1+ 34. Bc1
Be3 35. Ke2 Bxc1+ 36. Kf2 Be3+ 37. Kg2 Rxf1 38. Rxf1 Qe7 39. Re1 Qf6 40. Qd3
Qd4 41. Qxd4 cxd4 42. Bxh5 Re5 43. Bxf7 Rxf5 44. Be6 Rf2+ 45. Kh3 Rxc2 1-0

[Event "C.to Regionale Lombardia"]
[Site "Monza ITA"]
[Date "2005.05.21"]
[Round "4"]
[White "Bergonzoni, Carlo"]
[Black "Paniga, Danilo"]
[Result "0-1"]
[WhiteElo "1509"]
[BlackElo "1665"]
[PlyCount "52"]
[EventDate "2005.05.14"]

1. d4 Nf6 2. c4 g6 3. Nc3 Bg7 4. e4 d6 5. f4 O-O 6. Nf3 c5 7. d5 e6 8. Be2 exd5
9. cxd5 Re8 10. e5 dxe5 11. fxe5 Ng4 12. Bg5 Qb6 13. O-O c4+ 14. Kh1 Nf2+ 15.
Rxf2 Qxf2 16. Ne4 Qb6 17. Nf6+ Bxf6 18. Bxf6 Nd7 19. Bxc4 Nxf6 20. exf6 Qxf6
21. d6 Rd8 22. Qd4 Qxd6 23. Bxf7+ Kxf7 24. Ng5+ Kg8 25. Qc4+ Qd5 26. Qc1 Bg4
0-1

[Event "C.to Regionale Lombardia"]
[Site "Monza ITA"]
[Date "2005.05.21"]
[Round "4"]
[White "Bertrecchi, Corrado"]
[Black "Villa, Maurizio"]
[Result "0-1"]
[WhiteElo "1425"]
[BlackElo "1530"]
[PlyCount "80"]
[EventDate "2005.05.14"]

1. d4 d5 2. Nf3 Nf6 3. c3 Bg4 4. Nbd2 e6 5. h3 Bh5 6. g4 Bg6 7. e3 Bd6 8. Bg2
Nbd7 9. Nh4 Bd3 10. g5 Ne4 11. Nxe4 dxe4 12. Qg4 Qe7 13. Bxe4 Bxe4 14. Qxe4 c6
15. Nf3 O-O-O 16. h4 f6 17. Qc2 fxg5 18. Nxg5 h6 19. Ne4 Bc7 20. a4 g5 21. hxg5
hxg5 22. Rg1 Rdg8 23. b4 g4 24. Ba3 Qh4 25. Kd2 g3 26. Rg2 gxf2 27. Rxg8+ Rxg8
28. Rf1 Rg2 29. Kd3 Bg3 30. Nxg3 Qxg3 31. b5 Nb6 32. bxc6 Qg6+ 33. e4 Rg3+ 34.
Ke2 Qg4+ 35. Kd2 Nc4+ 36. Kc1 Qf4+ 37. Kb1 Nxa3+ 38. Kb2 Nxc2 39. cxb7+ Kxb7
40. Kxc2 Qxe4+ 0-1

[Event "C.to Regionale Lombardia"]
[Site "Monza ITA"]
[Date "2005.05.21"]
[Round "4"]
[White "Bettini, Massimo"]
[Black "Kokosar, Oliviero"]
[Result "1-0"]
[WhiteElo "1896"]
[BlackElo "1499"]
[PlyCount "63"]
[EventDate "2005.05.14"]

1. e4 e5 2. f4 d6 3. Nf3 Nc6 4. Bc4 Be7 5. d3 Nf6 6. f5 h6 7. a3 b6 8. Nc3 Bb7
9. b4 a6 10. O-O Qd7 11. Kh1 b5 12. Bb3 Na7 13. Be3 Nc8 14. Qe2 Bd8 15. Rad1 c6
16. d4 Qc7 17. dxe5 dxe5 18. Rd2 Be7 19. Nxe5 Nd6 20. Bf4 Qb6 21. Rxd6 O-O 22.
Rd3 c5 23. bxc5 Bxc5 24. Rg3 Bd4 25. Bxh6 Ne8 26. Nd7 Qxh6 27. Rg6 Qh4 28. Nxf8
Kxf8 29. Rg4 Qf6 30. Nd5 Bxd5 31. Bxd5 Nd6 32. Bxa8 1-0

[Event "C.to Regionale Lombardia"]
[Site "Monza ITA"]
[Date "2005.05.21"]
[Round "4"]
[White "Brunelli, Giovanni"]
[Black "Lanni, Vincenzo"]
[Result "1-0"]
[WhiteElo "1956"]
[BlackElo "1625"]
[PlyCount "49"]
[EventDate "2005.05.14"]

1. e4 g6 2. d4 Bg7 3. Nc3 d6 4. Bd3 Nf6 5. Nge2 c6 6. Be3 O-O 7. O-O Nbd7 8. f4
Qb6 9. Qc1 Ng4 10. Rf3 Nxe3 11. Qxe3 Qxb2 12. Raf1 c5 13. Nd5 e6 14. Ne7+ Kh8
15. c3 cxd4 16. cxd4 Nf6 17. f5 exf5 18. exf5 Ng4 19. Qf4 gxf5 20. Nxf5 Bxf5
21. Qxf5 Nf6 22. Rh3 h6 23. Rxh6+ Bxh6 24. Qxf6+ Bg7 25. Qh4+ 1-0

[Event "C.to Regionale Lombardia"]
[Site "Monza ITA"]
[Date "2005.05.21"]
[Round "4"]
[White "Cammarota, Vittorio"]
[Black "Molteni, Costantino"]
[Result "1-0"]
[WhiteElo "1709"]
[BlackElo "1986"]
[PlyCount "65"]
[EventDate "2005.05.14"]

1. d4 Nf6 2. Nf3 e6 3. Bf4 c5 4. e3 d5 5. c3 Nc6 6. Nbd2 Bd6 7. Bg3 Qe7 8. Ne5
O-O 9. f4 Ne4 10. Bd3 Nxd2 11. Kxd2 f5 12. h4 Bd7 13. h5 Nxe5 14. fxe5 Bc7 15.
Bf4 Qe8 16. Bg5 Bb5 17. Bc2 cxd4 18. exd4 Bd8 19. Bf4 Qf7 20. Qf3 Be8 21. Qg3
Rc8 22. Raf1 Rc7 23. Rf3 b5 24. Qh3 Kh8 25. g4 fxg4 26. Qxg4 Qg8 27. Bg6 h6 28.
Rhf1 Rxf4 29. Rxf4 Bg5 30. Kd3 Bxf4 31. Qxf4 Bxg6+ 32. hxg6 Qe8 33. Qf8+ 1-0

[Event "C.to Regionale Lombardia"]
[Site "Monza ITA"]
[Date "2005.05.21"]
[Round "4"]
[White "Cardona, Paolo"]
[Black "Biava, Pierluigi"]
[Result "0-1"]
[WhiteElo "1898"]
[BlackElo "1739"]
[PlyCount "86"]
[EventDate "2005.05.14"]

1. e4 c5 2. Nf3 e6 3. c3 Nc6 4. d3 d5 5. e5 Nge7 6. Bg5 Qc7 7. Qe2 h6 8. Bh4
Nf5 9. Bg3 g5 10. h3 Nxg3 11. fxg3 Bg7 12. d4 Bd7 13. Na3 a6 14. Nc2 cxd4 15.
cxd4 f6 16. O-O-O Rc8 17. Kb1 fxe5 18. Nxe5 Nxe5 19. dxe5 Qxe5 20. Qh5+ Ke7 21.
Nd4 Qe4+ 22. Ka1 Bxd4 23. Bd3 Qxg2 24. Qe2 Qxe2 25. Bxe2 Bf2 26. Bg4 Bxg3 27.
Rhg1 Be5 28. Rge1 Kd6 29. Re2 Rhe8 30. Kb1 Bf4 31. Rf2 Rc5 32. b3 Rec8 33. Kb2
e5 34. Bxd7 Kxd7 35. b4 Rb5 36. Kb3 d4 37. Rd3 Rd5 38. Ka4 e4 39. Rd1 Rc3 40.
a3 Kc6 41. Ra1 d3 42. h4 d2 43. Rxd2 b5+ 0-1

[Event "C.to Regionale Lombardia"]
[Site "Monza ITA"]
[Date "2005.05.21"]
[Round "4"]
[White "Cattaneo, Dario"]
[Black "Vignoli, Ernesto"]
[Result "1-0"]
[WhiteElo "1556"]
[BlackElo "1287"]
[PlyCount "60"]
[EventDate "2005.05.14"]

1. d4 d5 2. c4 dxc4 3. Nc3 e6 4. e3 Bd6 5. Bxc4 Nf6 6. Nf3 Nbd7 7. O-O Nb6 8.
Bb3 Bd7 9. Re1 a5 10. e4 a4 11. Bc2 Bb4 12. Bg5 Nc4 13. Rf1 h6 14. Bh4 g5 15.
Bg3 Nh5 16. Qd3 b5 17. Ne5 Nxg3 18. Qxg3 Nxe5 19. dxe5 Qe7 20. Rfd1 a3 21. Rd3
c5 22. b3 c4 23. Rd2 cxb3 24. axb3 Rc8 25. Rd3 Rc5 26. Qf3 O-O 27. Qd1 Rc7 28.
Nb1 Rfc8 29. Nxa3 Bxa3 30. Rxa3 b4 1-0

[Event "C.to Regionale Lombardia"]
[Site "Monza ITA"]
[Date "2005.05.21"]
[Round "4"]
[White "Corti, Lorenzo"]
[Black "Madaschi, Sergio"]
[Result "1-0"]
[WhiteElo "1437"]
[BlackElo "1604"]
[PlyCount "69"]
[EventDate "2005.05.14"]

1. e4 c5 2. Nf3 Nc6 3. d4 cxd4 4. Nxd4 Qc7 5. Nc3 Nf6 6. f3 g6 7. Bc4 Bg7 8.
Be3 O-O 9. Bb3 d6 10. Qd2 Ne5 11. O-O-O Bd7 12. g4 Nc4 13. Bxc4 Qxc4 14. h4
Rfc8 15. Bh6 b5 16. a3 a5 17. Bxg7 Kxg7 18. h5 b4 19. Nb1 e5 20. hxg6 fxg6 21.
Nf5+ gxf5 22. gxf5 Kh8 23. c3 Ba4 24. Rdg1 bxc3 25. bxc3 Bb3 26. Qh6 Qf7 27.
Rh2 Rg8 28. Rgh1 Rg7 29. Kb2 Rb8 30. Kc1 Bc4 31. Nd2 Bd3 32. Qh4 Rc8 33. Nf1
Rxc3+ 34. Kd2 Rxa3 35. Ne3 1-0

[Event "C.to Regionale Lombardia"]
[Site "Monza ITA"]
[Date "2005.05.21"]
[Round "4"]
[White "Crippa, Gabriele"]
[Black "Piantoni, Roberto"]
[Result "1/2-1/2"]
[WhiteElo "2099"]
[BlackElo "2169"]
[PlyCount "80"]
[EventDate "2005.05.14"]

1. d4 Nf6 2. Bg5 Ne4 3. Bf4 c5 4. f3 Nf6 5. d5 Qb6 6. Nc3 Qxb2 7. Bd2 Qb6 8. e4
d6 9. f4 e6 10. Rb1 Qd8 11. Bb5+ Bd7 12. dxe6 fxe6 13. e5 dxe5 14. fxe5 Nd5 15.
Bd3 Qh4+ 16. g3 Nxc3 17. Bxc3 Qg5 18. Qe2 Bc6 19. Nf3 Qg4 20. Bb5 Be7 21. Bxc6+
Nxc6 22. Rxb7 O-O 23. O-O Rf7 24. Kg2 Raf8 25. h3 Qa4 26. a3 Nd4 27. Bxd4 cxd4
28. Qe4 Rc8 29. Nxd4 Rxf1 30. Kxf1 Qa6+ 31. Kg2 Bxa3 32. Rd7 Rf8 33. Qd3 Qa4
34. Rc7 Rd8 35. Rxg7+ Kxg7 36. Nxe6+ Kf7 37. Nxd8+ Ke8 38. e6 Be7 39. Nf7 Qc6+
40. Kh2 Qxe6 1/2-1/2

[Event "C.to Regionale Lombardia"]
[Site "Monza ITA"]
[Date "2005.05.21"]
[Round "4"]
[White "Folcini, Gaddo"]
[Black "Faccio, Fabio"]
[Result "0-1"]
[WhiteElo "1502"]
[BlackElo "1952"]
[PlyCount "60"]
[EventDate "2005.05.14"]

1. d4 Nf6 2. e4 Nxe4 3. Nf3 e6 4. Nbd2 Nf6 5. Ne5 d6 6. Nef3 Be7 7. Bd3 Nc6 8.
Ne4 d5 9. Nxf6+ Bxf6 10. c3 e5 11. Bb5 exd4 12. Nxd4 Bxd4 13. Bxc6+ bxc6 14.
Qxd4 O-O 15. h4 Re8+ 16. Kf1 Ba6+ 17. Kg1 Re1+ 18. Kh2 Re4 19. Bg5 Qd6+ 20. g3
Rxd4 21. cxd4 f6 22. Bf4 Qb4 23. Rhe1 Kf7 24. Be3 Re8 25. b3 Bd3 26. Rec1 Rxe3
27. fxe3 Qd2+ 28. Kg1 Be4 29. Kf1 Bg2+ 30. Kg1 Bh3 0-1

[Event "C.to Regionale Lombardia"]
[Site "Monza ITA"]
[Date "2005.05.21"]
[Round "4"]
[White "Fornari, Sergio"]
[Black "Azzoni, Silvia"]
[Result "0-1"]
[WhiteElo "1403"]
[BlackElo "1568"]
[PlyCount "110"]
[EventDate "2005.05.14"]

1. d4 d5 2. Nf3 Bf5 3. Bg5 Nf6 4. Bxf6 exf6 5. e3 Bb4+ 6. c3 Ba5 7. Nbd2 O-O 8.
Nh4 Be6 9. Bd3 Nd7 10. e4 c5 11. exd5 Bxd5 12. O-O cxd4 13. Qh5 f5 14. Nxf5 Nf6
15. Qh4 dxc3 16. bxc3 Bxc3 17. Rad1 Bxa2 18. Qg3 Nh5 19. Qf3 g6 20. Nh6+ Kh8
21. Rfe1 Bxd2 22. Rxd2 Be6 23. g4 Qg5 24. Qe3 Nf4 25. Qe5+ Qxe5 26. Rxe5 Rad8
27. Re3 Nxd3 28. Rexd3 Rxd3 29. Rxd3 Rc8 30. f4 Kg7 31. g5 Kf8 32. h4 Ke7 33.
Rf3 f5 34. gxf6+ Kxf6 35. Kg2 b5 36. Kf2 b4 37. f5 gxf5 38. Ng4+ Ke7 39. Ne3
Rc5 40. Nd1 a5 41. Ke1 Kf6 42. Nb2 Rc3 43. Rf2 b3 44. Kd1 Bf7 45. Na4 Bh5+ 46.
Kd2 Rc2+ 47. Ke3 Rxf2 48. Kxf2 Bd1 49. Ke3 Ke5 50. Nb2 Bc2 51. Nc4+ Ke6 52. Nb2
h6 53. Kf4 Kd6 54. Nc4+ Kc5 55. Nb2 Kb4 0-1

[Event "C.to Regionale Lombardia"]
[Site "Monza ITA"]
[Date "2005.05.21"]
[Round "4"]
[White "Gabetto, Flaviano"]
[Black "Fiorili, Roberto"]
[Result "1-0"]
[WhiteElo "2136"]
[BlackElo "1742"]
[PlyCount "31"]
[EventDate "2005.05.14"]

1. e4 c5 2. b4 cxb4 3. d4 d5 4. e5 Nc6 5. a3 Qb6 6. Nf3 Bf5 7. Nh4 Bxc2 8. Qxc2
Qxd4 9. Bb5 Rc8 10. Nf3 Qxa1 11. Bb2 Qa2 12. axb4 Kd8 13. Nc3 Nxb4 14. Qf5 Nd3+
15. Kf1 Rc7 16. Qxf7 1-0

[Event "C.to Regionale Lombardia"]
[Site "Monza ITA"]
[Date "2005.05.21"]
[Round "4"]
[White "Lamera, Giuseppe"]
[Black "Di Mauro, Valerio"]
[Result "1/2-1/2"]
[WhiteElo "1440"]
[BlackElo "1586"]
[PlyCount "51"]
[EventDate "2005.05.14"]

1. e4 c6 2. Nf3 d5 3. e5 Bg4 4. Be2 e6 5. Nc3 Nd7 6. d4 c5 7. Bg5 Qb6 8. Nb5 a6
9. Nd6+ Bxd6 10. exd6 Qxd6 11. Qd2 Ngf6 12. Bf4 Qb6 13. O-O-O Ne4 14. Qe1 O-O
15. h3 Bxf3 16. Bxf3 cxd4 17. Bxe4 dxe4 18. Qxe4 d3 19. Be3 Qc7 20. Qxd3 Rac8
21. c3 Rfd8 22. Qc2 b5 23. a3 Qc4 24. Rd4 Qc6 25. Rhd1 Rc7 26. Rd6 1/2-1/2

[Event "C.to Regionale Lombardia"]
[Site "Monza ITA"]
[Date "2005.05.21"]
[Round "4"]
[White "Lapiccirella, Mattia"]
[Black "Damia, Angelo"]
[Result "1/2-1/2"]
[WhiteElo "2220"]
[BlackElo "2110"]
[PlyCount "79"]
[EventDate "2005.05.14"]

1. d4 Nf6 2. c4 g6 3. Nc3 Bg7 4. e4 O-O 5. Be2 d6 6. Nf3 e5 7. d5 a5 8. Bg5 h6
9. Bh4 Qe8 10. Nd2 Nh7 11. O-O f5 12. exf5 gxf5 13. Qc2 Na6 14. a3 Bf6 15. Bxf6
Nxf6 16. Rab1 b6 17. b4 axb4 18. axb4 Qg6 19. Rfe1 Rf7 20. Nd1 Rg7 21. Bf1 Nb8
22. Rb3 f4 23. Qxg6 Rxg6 24. Bd3 Rg7 25. Ne4 Nxe4 26. Bxe4 Nd7 27. Nc3 Nf6 28.
Bc2 Bd7 29. Ne4 Nxe4 30. Bxe4 Rf7 31. f3 Ra2 32. Reb1 Rf8 33. R3b2 Rxb2 34.
Rxb2 Ra8 35. Kf2 Ra3 36. g3 Rc3 37. Rc2 Rxc2+ 38. Bxc2 Kf7 39. g4 Kf6 40. h4
1/2-1/2

[Event "C.to Regionale Lombardia"]
[Site "Monza ITA"]
[Date "2005.05.21"]
[Round "4"]
[White "Mannoni, Luigi"]
[Black "Perissinotto, Claudio"]
[Result "0-1"]
[WhiteElo "1637"]
[BlackElo "2098"]
[PlyCount "96"]
[EventDate "2005.05.14"]

1. e4 c5 2. Nc3 g6 3. g3 Bg7 4. Bg2 Nc6 5. Nge2 e6 6. O-O Nge7 7. d3 O-O 8. f4
d6 9. Be3 Nd4 10. Bf2 Nec6 11. a3 Rb8 12. Rb1 b5 13. Nxd4 Nxd4 14. Ne2 a5 15.
Nxd4 cxd4 16. Qe2 Qc7 17. Rfe1 Bb7 18. e5 Bxg2 19. Kxg2 dxe5 20. fxe5 Rfd8 21.
Qe4 Rd5 22. Re2 Rxe5 23. Qf3 Rxe2 24. Qxe2 Rc8 25. Rc1 Bh6 26. Rf1 Qxc2 27. Qf3
Be3 28. Qb7 Bxf2 29. Rxf2 Qc6+ 30. Qxc6 Rxc6 31. Kf3 Kg7 32. Ke4 Rd6 33. Ke5
Rd5+ 34. Ke4 f5+ 35. Kf4 Rc5 36. Re2 Kf6 37. h4 Rc1 38. Kf3 Rf1+ 39. Kg2 Rd1
40. Rc2 Rxd3 41. Kf2 b4 42. axb4 axb4 43. Ke2 Rxg3 44. Rc4 b3 45. Rxd4 Rg2+ 46.
Kf3 Rxb2 47. Rd8 Rc2 48. Rb8 b2 0-1

[Event "C.to Regionale Lombardia"]
[Site "Monza ITA"]
[Date "2005.05.21"]
[Round "4"]
[White "Marrone, Vincenzo"]
[Black "Villalba, Fernando"]
[Result "1-0"]
[WhiteElo "1838"]
[BlackElo "1773"]
[PlyCount "73"]
[EventDate "2005.05.14"]

1. e4 c5 2. Nf3 d6 3. d4 cxd4 4. Nxd4 Nf6 5. Nc3 g6 6. Be3 Bg7 7. f3 Nc6 8. Bc4
O-O 9. Qd2 Nxd4 10. Bxd4 Be6 11. Nd5 Bxd5 12. Bxd5 Nxd5 13. Bxg7 Kxg7 14. Qxd5
Qb6 15. O-O-O Rac8 16. Qd4+ Qxd4 17. Rxd4 Rc6 18. Rhd1 Rfc8 19. c3 b5 20. a4
Rb6 21. axb5 Rxb5 22. Rd5 Rcb8 23. Rxb5 Rxb5 24. Kc2 Kf6 25. c4 Rc5 26. Kc3 a5
27. Rd5 h5 28. Kb3 Rxd5 29. cxd5 e6 30. Ka4 exd5 31. exd5 Ke5 32. Kxa5 Kxd5 33.
b4 Kc6 34. Ka6 Kc7 35. b5 Kb8 36. Kb6 Kc8 37. Ka7 1-0

[Event "C.to Regionale Lombardia"]
[Site "Monza ITA"]
[Date "2005.05.21"]
[Round "4"]
[White "Mazzarelli, Donato"]
[Black "Merlini, Luigi"]
[Result "1-0"]
[WhiteElo "1578"]
[BlackElo "1456"]
[PlyCount "62"]
[EventDate "2005.05.14"]

1. e4 e5 2. Nf3 Nc6 3. Bb5 a6 4. Ba4 Nf6 5. O-O Be7 6. Re1 b5 7. Bb3 O-O 8. c3
d5 9. d3 Bg4 10. Nbd2 d4 11. c4 Nb4 12. Nf1 bxc4 13. Bxc4 c5 14. a3 Nc6 15. h3
Bh5 16. Ng3 Bg6 17. Bg5 h6 18. Bxf6 Bxf6 19. Bd5 Rc8 20. Qa4 Ne7 21. Bc4 Ra8
22. b4 Qd6 23. Rec1 Nc8 24. bxc5 Qd8 25. Bd5 Ra7 26. Rab1 Qc7 27. Qc6 Ne7 28.
Qxc7 Rxc7 29. Rb7 Nxd5 30. Rxc7 Nxc7 31. Rb1 Re8 1-0

[Event "C.to Regionale Lombardia"]
[Site "Monza ITA"]
[Date "2005.05.21"]
[Round "4"]
[White "Pisani, Gennaro"]
[Black "D'Apa, Massimo"]
[Result "0-1"]
[WhiteElo "1526"]
[BlackElo "1341"]
[PlyCount "51"]
[EventDate "2005.05.14"]

1. e4 c5 2. Nf3 Nc6 3. d4 cxd4 4. Nxd4 e6 5. Nxc6 bxc6 6. Be2 d6 7. O-O Nf6 8.
Nc3 Be7 9. Bf4 e5 10. Be3 O-O 11. Qd2 Bb7 12. f4 Qc7 13. Rad1 Rad8 14. Qe1 d5
15. fxe5 Qxe5 16. Bd4 Qe6 17. e5 Nd7 18. Bxa7 c5 19. Bf3 Nxe5 20. Qe2 Ba6 21.
Nb5 Nxf3+ 22. Qxf3 Bxb5 23. Rde1 Qd7 24. Bb6 Rb8 25. Bxc5 Bxc5+ 26. Kh1 0-1

[Event "C.to Regionale Lombardia"]
[Site "Monza ITA"]
[Date "2005.05.21"]
[Round "4"]
[White "Redaelli, Gianfranco"]
[Black "Marchesotti, Giovanni"]
[Result "1/2-1/2"]
[WhiteElo "1622"]
[BlackElo "1499"]
[PlyCount "55"]
[EventDate "2005.05.14"]

1. f4 g6 2. Nf3 Bg7 3. e4 d6 4. Be2 Nf6 5. d3 c5 6. c3 Nc6 7. Be3 b6 8. h3 Nh5
9. Kf2 e5 10. fxe5 dxe5 11. Rf1 f5 12. Bg5 Bf6 13. Bxf6 Nxf6 14. Nbd2 Qe7 15.
Kg1 O-O 16. Nc4 fxe4 17. dxe4 Be6 18. Qc2 Nd7 19. b3 Bxc4 20. Bxc4+ Kg7 21. Bd5
Rac8 22. Rad1 Nf6 23. c4 Nd4 24. Qd2 Nxf3+ 25. gxf3 Nh5 26. Qg2 Qh4 27. Be6
Rcd8 28. Qg4 1/2-1/2

[Event "C.to Regionale Lombardia"]
[Site "Monza ITA"]
[Date "2005.05.21"]
[Round "4"]
[White "Romano, Zeno"]
[Black "Cardani, Roberto"]
[Result "1-0"]
[WhiteElo "1767"]
[BlackElo "1840"]
[PlyCount "110"]
[EventDate "2005.05.14"]

1. e4 c5 2. Nf3 d6 3. d4 cxd4 4. Nxd4 Nf6 5. Nc3 a6 6. Be3 e6 7. Be2 Be7 8. f4
Qc7 9. Bf3 Nc6 10. O-O Nxd4 11. Qxd4 e5 12. fxe5 dxe5 13. Qb6 Qxb6 14. Bxb6 Nd7
15. Bc7 f6 16. Nd5 Bc5+ 17. Kh1 Nf8 18. b4 Ba7 19. Bxe5 Ne6 20. Bg3 h5 21. h3
Bd7 22. c4 Bd4 23. Rad1 Rc8 24. c5 Bb5 25. Rfe1 Be5 26. Bxe5 fxe5 27. Nb6 Rc7
28. Rd5 O-O 29. Rxe5 Nf4 30. Rf5 Rcf7 31. Rxf7 Rxf7 32. Bd1 Nd3 33. Rg1 Nf2+
34. Kh2 Nxd1 35. Rxd1 Rf2 36. a4 Bc6 37. Re1 h4 38. Kg1 Rb2 39. Nd5 Kf8 40.
Rf1+ Ke8 41. Rf4 Bxa4 42. Rxh4 Re2 43. Rg4 Kf7 44. Nc3 Re1+ 45. Kf2 Ra1 46.
Rf4+ Ke6 47. Rg4 Kf7 48. Ke3 Bc6 49. Kd4 Ra3 50. Rf4+ Ke6 51. h4 Rb3 52. Kc4
Rb2 53. g4 Ke5 54. Rf5+ Ke6 55. h5 Rc2 1-0

[Event "C.to Regionale Lombardia"]
[Site "Monza ITA"]
[Date "2005.05.21"]
[Round "4"]
[White "Rossi, Giampiero"]
[Black "Rinaldo, Andrea"]
[Result "1-0"]
[WhiteElo "2030"]
[BlackElo "1748"]
[PlyCount "38"]
[EventDate "2005.05.14"]

1. d4 d5 2. c4 e6 3. Nc3 Nf6 4. cxd5 exd5 5. Bg5 Be7 6. e3 c6 7. Qc2 Nbd7 8.
Bd3 h6 9. Bh4 O-O 10. Nge2 c5 11. Bf5 Nb6 12. a4 Bxf5 13. Qxf5 Qd7 14. Qxd7
Nbxd7 15. Nf4 Rfd8 16. a5 a6 17. f3 Kf8 18. Bf2 Nb8 19. e4 h5 1-0

[Event "C.to Regionale Lombardia"]
[Site "Monza ITA"]
[Date "2005.05.21"]
[Round "4"]
[White "Santelli, Francesco"]
[Black "Olivo, Mario"]
[Result "0-1"]
[WhiteElo "1849"]
[BlackElo "1799"]
[PlyCount "81"]
[EventDate "2005.05.14"]

1. e4 c5 2. Nf3 d6 3. d4 cxd4 4. Nxd4 Nf6 5. Nc3 a6 6. Be2 e5 7. Nb3 Be6 8. O-O
Be7 9. f4 Qc7 10. f5 Bc4 11. Be3 Bxe2 12. Qxe2 b5 13. Rad1 Nbd7 14. Nd5 Nxd5
15. exd5 Nf6 16. Rd3 Qd8 17. Bd2 a5 18. Rg3 Qb6+ 19. Be3 Qb7 20. Rxg7 Qxd5 21.
Rd1 Qc6 22. c3 d5 23. Bg5 a4 24. Nc1 e4 25. Be3 Bc5 26. Bxc5 Qxc5+ 27. Rd4 Kf8
28. Rg5 b4 29. Qe3 bxc3 30. Qxc3 Qxc3 31. bxc3 Ke7 32. Ne2 Rhc8 33. Rb4 Rc7 34.
a3 Kd6 35. Rg3 Ke5 36. Nd4 Nh5 37. Re3 Nf4 38. g4 Nd3 39. Rb6 Kf4 40. Rh3 Ke5
41. Rxh7 0-1

[Event "C.to Regionale Lombardia"]
[Site "Monza ITA"]
[Date "2005.05.21"]
[Round "4"]
[White "Scuderi, David"]
[Black "Sala, Sergio"]
[Result "1/2-1/2"]
[WhiteElo "2004"]
[BlackElo "1811"]
[PlyCount "32"]
[EventDate "2005.05.14"]

1. e4 Nf6 2. Nc3 d5 3. exd5 Nxd5 4. Nxd5 Qxd5 5. d4 e5 6. dxe5 Qxe5+ 7. Be2 Bd6
8. Nf3 Qf6 9. O-O O-O 10. c4 Nc6 11. a3 Bg4 12. Qb3 Bxf3 13. Qxf3 Qe5 14. Qh5
Rfe8 15. Qxe5 Bxe5 16. Bd3 Rad8 1/2-1/2

[Event "C.to Regionale Lombardia"]
[Site "Monza ITA"]
[Date "2005.05.21"]
[Round "4"]
[White "Tassini, Marco"]
[Black "Milan, Paolo"]
[Result "1-0"]
[WhiteElo "1691"]
[BlackElo "1883"]
[PlyCount "81"]
[EventDate "2005.05.14"]

1. d4 Nf6 2. c4 e6 3. Nc3 Bb4 4. Bg5 O-O 5. Qc2 d5 6. e3 c5 7. dxc5 Qa5 8. Bxf6
gxf6 9. cxd5 Bxc3+ 10. bxc3 exd5 11. Nf3 Qxc5 12. Bd3 h6 13. O-O Nc6 14. Rfb1
Ne5 15. Bh7+ Kh8 16. Nd4 b6 17. Rb5 Qd6 18. Rd1 Ng4 19. g3 Bd7 20. Nf5 Qc7 21.
Rb4 Ne5 22. Ne7 Nf3+ 23. Kg2 Bh3+ 24. Kxf3 d4 25. Nd5 Qe5 26. Nf4 Bc8 27. cxd4
Bb7+ 28. Be4 Qe7 29. Bxb7 Rab8 30. Rc4 Qxb7+ 31. d5 Rg8 32. Rc6 Rbc8 33. Rc1
Rxc6 34. Qxc6 Qxc6 35. dxc6 Rc8 36. Nh5 Kh7 37. Nxf6+ Kg6 38. Nd5 Kg7 39. Kf4
Kh7 40. c7 Kg7 41. Ne7 1-0